000 002220000a22000970004500
100 1 _aGray, Laurence
245 1 0 _aOn the streets in Cambodia
300 _aNum. 3 (2001), Páginas 19
773 0 _tGlobal Future
942 _cANA
999 _c53545
_d53545